000 00749nam a2200289Ia 4500
005 20260324112514.0
008 008 260324s9999 xx 000 0 eng d
020 _a9781003441069
037 _aEBOOK
040 _aCRL
040 _beng
040 _cCRL
041 _2eng
041 _aeng
084 _qCRL
100 _aPradeep Verma; Vineet Kumar; Sunil Kumar; Sartaj Ahmad Bhat
_91142976
245 0 _aMicrobial Nexus for Sustainable Wastewater Treatment
245 0 _bResources, Efficiency, and Reuse
260 _bTaylor and Francis
260 _c2024
365 _a
365 _b320
856 _uhttp://www.taylorfrancis.com/books/9781003441069
942 _cEBOOK
999 _c1732211
_d1732211